00922cam a2200241 a 450000100100000000500170001000800410002704000300006808200210009810000610011924500590018025000110023926000360025030000370028650000190032350000950034250400320043765000270046991000330049604900090052995201250053899900170066300001908120240509185222.0701217s1966 nyuab b 001 0 eng d aDO-SdBNPcDLCdDLCdBNPHU a301bH693a, 19661 aHoebel, E. Adamson,q(Edward Adamson),d1906-199394105810aAnthropology :bthe study of man /cE. Adamson Hoebel. a3a ed. aNew York :bMcGraw-Hill,c1966. a591 p. :billus., maps ;c24 cm. aIncluyed index aPrevious editions have title: Man in the primitive world; an introduction to anthropology. aBibliography: p. [539]-557. 0aAntropología 985431 aCatalogación derivada / LC aBNGR 001054708MOaGRbGRcCTd2010-05-25iLF1l0o301 H693a, 1966p19081-10r2020-06-25w2020-06-25y4ZPréstamo en sala c18599d18599